000 00380nam a2200133Ia 4500
008 220217s9999||||xx |||||||||||||| ||und||
020 _a9788131700006
082 _a003 NAT
100 _aNatarajan A.M and others
_99335
245 0 _aOperations research
260 _aPearson education of asia
_bNew Delhi
_c2013
300 _aVII, 738p.
_b550
650 _aOPERATION RESEARCH
999 _c185380
_d185380